000
00286nam a2200109Ia 4500
008
200302s9999 xx 000 0 und d
100
_a
Johan van Lengen
245
_a
The Barefoot architect A handbook for green building
260
_b
Shelter Publications
260
_c
2008
300
_a
697
999
_c
7263
_d
7263